[Event "Nova Gorica op 25th"]
[Site "Nova Gorica"]
[Date "2020.01.27"]
[Round "6"]
[White "Hercog, Nusa"]
[Black "Florjancic, Rudolf"]
[Result "1-0"]
[WhiteElo "2074"]
[BlackElo "1769"]
[PlyCount "101"]
[EventDate "2020.01.24"]
[EventType "swiss"]
[EventRounds "9"]
[EventCountry "SLO"]
[SourceTitle "CBM 194"]
[Source "ChessBase"]
[SourceDate "2020.01.27"]
[SourceVersion "1"]
[SourceVersionDate "2020.01.27"]
[SourceQuality "1"]

1. d4 Nf6 2. c4 e6 3. Nf3 d5 4. Nc3 Be7 5. Bf4 c6 6. e3 Nbd7 7. h3 0-0 8. Rc1 Re8 9. Bd3 Nf8 10. 0-0 Ng6 11. Bh2 dxc4 12. Bxc4 Nd5 13. Qd2 Bd6 14. Rfd1 Bxh2+ 15. Kxh2 Qf6 16. Ne4 Qe7 17. Ne5 Qc7 18. f4 Qe7 19. Nxg6 hxg6 20. Ng5 f6 21. Nf3 Kf7 22. Bd3 Rh8 23. e4 Nb6 24. b3 Rh6 25. a4 a5 26. Qe3 Nd7 27. Be2 Nf8 28. Bc4 Bd7 29. Qf2 Kg8 30. g4 Kh8 31. g5 Rh5 32. Be2 Rh7 33. gxf6 gxf6 34. e5 f5 35. Ng5 Rh6 36. Kg2 Nh7 37. h4 Nxg5 38. hxg5 Rh7 39. Rh1 Kg8 40. Qe3 Be8 41. Bc4 Bd7 42. Be2 Be8 43. Rxh7 Qxh7 44. Rh1 Qg7 45. Qc3 Qe7 46. Rh6 b6 47. Bc4 b5 48. Qh3 Qg7 49. Bxe6+ Kf8 50. Rh7 Ra7 51. Rxg7 1-0

[Event "Nova Gorica op 25th"]
[Site "Nova Gorica"]
[Date "2020.01.25"]
[Round "3"]
[White "Florjancic, Rudolf"]
[Black "Rigatti, Giorgio"]
[Result "1/2-1/2"]
[WhiteElo "1769"]
[BlackElo "1668"]
[PlyCount "121"]
[EventDate "2020.01.24"]
[EventType "swiss"]
[EventRounds "9"]
[EventCountry "SLO"]
[SourceTitle "CBM 194"]
[Source "ChessBase"]
[SourceDate "2020.01.27"]
[SourceVersion "1"]
[SourceVersionDate "2020.01.27"]
[SourceQuality "1"]

1. Nf3 Nf6 2. d4 g6 3. g3 Bg7 4. Bg2 0-0 5. c4 d5 6. 0-0 dxc4 7. Qa4 c6 8. Qxc4 Nbd7 9. Nc3 Nb6 10. Qd3 h6 11. e4 Bg4 12. Be3 Qc8 13. Rfe1 Rd8 14. Qf1 Be6 15. Nd2 Ng4 16. d5 Nxe3 17. Rxe3 cxd5 18. exd5 Nxd5 19. Nxd5 Bxd5 20. Rc1 Qd7 21. Rd3 Qf5 22. Nf3 Be4 23. Re3 Qd5 24. b3 Bf6 25. h4 Rac8 26. Kh2 Rxc1 27. Qxc1 Qc6 28. Qe1 Bd5 29. Rd3 e6 30. Qe3 Qa6 31. Qd2 Rc8 32. a4 Kg7 33. Ne1 Bxg2 34. Nxg2 Rc1 35. Ne3 Qc6 36. Ng2 Rc3 37. Rxc3 Qxc3 38. Qd1 Bd4 39. Kg1 e5 40. Kf1 Qb2 41. Ne3 h5 42. Qd3 Qc3 43. Qxc3 Bxc3 44. Ke2 f5 45. f3 Kf7 46. g4 fxg4 47. fxg4 Ke6 48. Kf3 Bd2 49. Nc4 hxg4+ 50. Kxg4 Bf4 51. Na5 b6 52. Nc6 a5 53. b4 axb4 54. Nxb4 Kd6 55. Nd3 Bd2 56. Kf3 Kd5 57. Ke2 Bc3 58. Nf2 e4 59. Nh3 Bf6 60. Nf4+ Kc4 61. Nxg6 1/2-1/2

[Event "Nova Gorica op 25th"]
[Site "Nova Gorica"]
[Date "2020.01.24"]
[Round "1"]
[White "Florjancic, Rudolf"]
[Black "Visintin, Roberto"]
[Result "0-1"]
[WhiteElo "1769"]
[BlackElo "2042"]
[PlyCount "58"]
[EventDate "2020.01.24"]
[EventType "swiss"]
[EventRounds "9"]
[EventCountry "SLO"]
[SourceTitle "CBM 194"]
[Source "ChessBase"]
[SourceDate "2020.01.27"]
[SourceVersion "1"]
[SourceVersionDate "2020.01.27"]
[SourceQuality "1"]

1. Nf3 f5 2. d4 Nf6 3. g3 e6 4. Bg2 d6 5. c4 Be7 6. Nc3 0-0 7. 0-0 Ne4 8. Qc2 Nxc3 9. Qxc3 a5 10. a3 Bf6 11. Qc2 Nd7 12. Bd2 e5 13. dxe5 Nxe5 14. Rad1 Qe8 15. Bc3 f4 16. b3 fxg3 17. hxg3 Ng4 18. Rfe1 Bd7 19. Qd2 Bxc3 20. Qxc3 Bc6 21. Qd4 Qh5 22. b4 axb4 23. axb4 Rae8 24. b5 Be4 25. b6 cxb6 26. Qxd6 Bc6 27. Rd5 Bxd5 28. cxd5 Rxf3 29. Bxf3 Qh2+ 0-1

[Event "SLO-ch 29th"]
[Site "Radenci"]
[Date "2019.05.04"]
[Round "9"]
[White "Florjancic, Rudolf"]
[Black "Urbanc, Tina"]
[Result "1/2-1/2"]
[WhiteElo "1779"]
[BlackElo "1657"]
[PlyCount "171"]
[EventDate "2019.04.27"]
[EventType "swiss"]
[EventRounds "9"]
[EventCountry "SLO"]
[SourceTitle "CBM 190 Extra"]
[Source "ChessBase"]
[SourceDate "2019.07.15"]
[SourceVersion "1"]
[SourceVersionDate "2019.07.15"]
[SourceQuality "1"]

1. d4 d5 2. Nf3 Nf6 3. g3 e6 4. Bg2 Be7 5. c4 0-0 6. Nc3 b6 7. 0-0 Bb7 8. cxd5 exd5 9. Bf4 c5 10. Nb5 Nc6 11. Rc1 a6 12. Nc3 Rc8 13. dxc5 bxc5 14. Na4 Na7 15. Bh3 Nd7 16. Bxd7 Qxd7 17. Nb6 Qb5 18. Nxc8 Rxc8 19. Qc2 Nc6 20. Rfe1 Nb4 21. Qb1 d4 22. Qf5 Nxa2 23. Ne5 Qe8 24. Rc2 Bd6 25. Rd2 Bxe5 26. Bxe5 Qc6 27. f3 f6 28. Bf4 g5 29. Bxg5 fxg5 30. Qxg5+ Qg6 31. Qe7 Qf7 32. Qe5 Qe8 33. Qxe8+ Rxe8 34. Kf2 Nb4 35. Rc1 Rb8 36. h4 Na2 37. Ra1 Nb4 38. g4 Rf8 39. Kg3 d3 40. f4 c4 41. exd3 Nxd3 42. f5 Re8 43. Rf1 Re3+ 44. Kh2 Ne5 45. Rf4 Nf3+ 46. Rxf3 Bxf3 47. Kg3 Bd1+ 48. Kf4 Rd3 49. Rg2 Rd4+ 50. Ke5 Rxg4 51. Rd2 Ba4 52. h5 Kf7 53. Rd6 Bb5 54. Rb6 Kf8 55. h6 Rh4 56. Rb8+ Be8 57. Rb6 Rh2 58. Rxa6 Rxb2 59. Ra7 Kg8 60. Rg7+ Kh8 61. Rc7 Re2+ 62. Kf6 Re4 63. Rc8 Kg8 64. Rc7 Kh8 65. Kg5 Kg8 66. Rg7+ Kh8 67. Rc7 Kg8 68. Kf6 Rh4 69. Rg7+ Kh8 70. Rc7 Ba4 71. Ra7 Rxh6+ 72. Kg5 Rc6 73. Rxa4 h6+ 74. Kf4 Kg7 75. Ke5 c3 76. Ra7+ Kf8 77. Ra8+ Kg7 78. f6+ Kf7 79. Ra7+ Kf8 80. Ra8+ Kf7 81. Ra7+ Kf8 82. Ra8+ Kf7 83. Ra7+ Ke8 84. Ra8+ Kf7 85. Ra7+ Kf8 86. Ra8+ 1/2-1/2

[Event "SLO-ch 29th"]
[Site "Radenci"]
[Date "2019.04.28"]
[Round "2"]
[White "Drevensek, Doroteja"]
[Black "Florjancic, Rudolf"]
[Result "0-1"]
[WhiteElo "1360"]
[BlackElo "1779"]
[PlyCount "74"]
[EventDate "2019.04.27"]
[EventType "swiss"]
[EventRounds "9"]
[EventCountry "SLO"]
[SourceTitle "CBM 190 Extra"]
[Source "ChessBase"]
[SourceDate "2019.07.15"]
[SourceVersion "1"]
[SourceVersionDate "2019.07.15"]
[SourceQuality "1"]

1. e4 d6 2. d4 Nf6 3. Nc3 g6 4. Nf3 Bg7 5. Bc4 c6 6. a4 a5 7. 0-0 0-0 8. Be3 Nbd7 9. Qd2 e6 10. e5 dxe5 11. Nxe5 Nd5 12. Bxd5 exd5 13. Nxd7 Bxd7 14. Ne2 Re8 15. Nf4 Bf5 16. Nd3 b6 17. Rfe1 Rc8 18. c3 Be4 19. f3 Bf5 20. g4 Be6 21. Bg5 Qd6 22. Bf4 Qf8 23. Re2 c5 24. dxc5 bxc5 25. Bg3 d4 26. Nf4 Bc4 27. Re4 Rxe4 28. fxe4 Qe8 29. Qe1 Qd7 30. h3 Re8 31. Ng2 Qc6 32. e5 d3 33. Ne3 Bb3 34. Qd2 c4 35. Qh2 Bf8 36. Kf1 Bc5 37. Ng2 Qf3+ 0-1

[Event "Wch Seniors 65 28th"]
[Site "Bled"]
[Date "2018.11.28"]
[Round "10"]
[White "Pressl, Harald"]
[Black "Florjancic, Rudolf"]
[Result "0-1"]
[WhiteElo "1892"]
[BlackElo "1761"]
[PlyCount "47"]
[EventDate "2018.11.18"]
[EventType "swiss"]
[EventRounds "11"]
[EventCountry "SLO"]
[SourceTitle "CBM 187 Extra"]
[Source "ChessBase"]
[SourceDate "2018.11.04"]
[SourceVersion "1"]
[SourceVersionDate "2018.11.04"]
[SourceQuality "1"]

1. c4 Nf6 2. g3 g6 3. Bg2 Bg7 4. Nc3 c5 5. e4 Nc6 6. Nge2 0-0 7. 0-0 d6 8. d3 a6 9. a4 Bg4 10. h3 Bd7 11. Be3 Nb4 12. Na2 e5 13. d4 Qc7 14. dxc5 dxc5 15. Nxb4 cxb4 16. Ra2 Rfd8 17. Qc2 Ra7 18. b3 b6 19. Rd1 Be8 20. Qc1 Qb8 21. Rad2 Rxd2 22. Rxd2 Rd7 23. Rxd7 Nxd7 24. Qd2 0-1

[Event "Ptuj op 10"]
[Site "Ptuj"]
[Date "2015.10.24"]
[Round "1"]
[White "Florjancic, Rudolf"]
[Black "Rozman, Roman"]
[Result "1-0"]
[WhiteElo "1839"]
[BlackElo "1552"]
[PlyCount "69"]
[EventDate "2015.10.24"]
[EventType "swiss"]
[EventRounds "9"]
[EventCountry "SLO"]
[SourceTitle "CBM 169 Extra"]
[Source "ChessBase"]
[SourceDate "2015.12.18"]
[SourceVersion "1"]
[SourceVersionDate "2015.12.18"]
[SourceQuality "1"]

1. Nf3 Nc6 2. g3 b6 3. Bg2 Bb7 4. d4 e6 5. c4 Nge7 6. Nc3 d5 7. cxd5 Nxd5 8. 0-0 Be7 9. e4 Nxc3 10. bxc3 Na5 11. Re1 f6 12. c4 c5 13. d5 0-0 14. Qc2 Bc8 15. e5 exd5 16. cxd5 fxe5 17. Nxe5 Bf5 18. Qe2 Bf6 19. Bb2 Qd6 20. Rad1 Rae8 21. f4 Bc8 22. Qc2 Re7 23. Be4 g6 24. Kg2 Rfe8 25. Bc3 Nb7 26. Nc4 Bxc3 27. Nxd6 Nxd6 28. Qxc3 Nxe4 29. Qd3 Bf5 30. Qa6 Bc8 31. Qa3 Bb7 32. Kg1 Ba8 33. d6 Rd7 34. Qa4 Red8 35. Rxe4 1-0

[Event "Ptuj op"]
[Site "Ptuj"]
[Date "2015.08.11"]
[Round "9"]
[White "Zupancic, Urban"]
[Black "Florjancic, Rudolf"]
[Result "1-0"]
[WhiteElo "1908"]
[BlackElo "1869"]
[PlyCount "87"]
[EventDate "2015.08.03"]
[EventType "swiss"]
[EventRounds "9"]
[EventCountry "SLO"]
[SourceTitle "CBM 167 Extra"]
[Source "ChessBase"]
[SourceDate "2015.09.14"]
[SourceVersion "1"]
[SourceVersionDate "2015.09.14"]
[SourceQuality "1"]

1. e4 c5 2. Nf3 Nc6 3. d4 cxd4 4. Nxd4 Nf6 5. Nc3 e5 6. Ndb5 d6 7. Bg5 a6 8. Na3 Be7 9. Nc4 Nd4 10. Bxf6 Bxf6 11. Nd5 b5 12. Ncb6 Rb8 13. Nxc8 Rxc8 14. c3 Nc6 15. a4 Rb8 16. axb5 axb5 17. Nxf6+ gxf6 18. Qd5 Ne7 19. Bxb5+ Kf8 20. Qd3 Qb6 21. Bc4 Kg7 22. 0-0 Rhd8 23. b3 Rb7 24. Ra6 Qc7 25. Rfa1 Rb6 26. Qg3+ Ng6 27. h4 h5 28. Qe3 Rxa6 29. Rxa6 Rb8 30. Bd5 Rf8 31. Ra7 Qc8 32. Qg3 Qg4 33. Qxg4 hxg4 34. g3 Nh8 35. Kf1 Kg6 36. Rd7 Rc8 37. c4 Rb8 38. Rxd6 Rxb3 39. c5 Rc3 40. c6 Kg7 41. Rd7 f5 42. exf5 e4 43. c7 Kf6 44. Rd6+ 1-0

[Event "Ptuj op"]
[Site "Ptuj"]
[Date "2015.08.09"]
[Round "7"]
[White "Zajdela, Karel"]
[Black "Florjancic, Rudolf"]
[Result "0-1"]
[WhiteElo "1801"]
[BlackElo "1869"]
[PlyCount "20"]
[EventDate "2015.08.03"]
[EventType "swiss"]
[EventRounds "9"]
[EventCountry "SLO"]
[SourceTitle "CBM 167 Extra"]
[Source "ChessBase"]
[SourceDate "2015.09.14"]
[SourceVersion "1"]
[SourceVersionDate "2015.09.14"]
[SourceQuality "1"]

1. e4 e5 2. Nf3 Nc6 3. d4 exd4 4. Nxd4 Bc5 5. Nxc6 Qf6 6. Qf3 Qxc6 7. Bd3 Nf6 8. Bg5 Be7 9. Nc3 Qc5 10. 0-0 Qxg5 0-1

[Event "SLO-chT2 East"]
[Site "Slovenia"]
[Date "2013.12.09"]
[Round "9"]
[White "Florjancic, Rudolf"]
[Black "Mitrovic, Boris1111"]
[Result "0-1"]
[WhiteElo "1872"]
[BlackElo "2089"]
[PlyCount "64"]
[EventDate "2013.09.07"]
[EventType "team-tourn"]
[EventRounds "9"]
[EventCountry "SLO"]
[SourceTitle "EXT 2015"]
[Source "ChessBase"]
[SourceDate "2014.11.20"]
[SourceVersion "1"]
[SourceVersionDate "2014.11.20"]
[SourceQuality "1"]

1. e4 Nf6 2. e5 Nd5 3. d4 d6 4. f4 dxe5 5. fxe5 Nc6 6. Nf3 Bg4 7. c3 e6 8. Be2 Be7 9. 0-0 0-0 10. Na3 Bxa3 11. c4 Bxb2 12. cxd5 Bxa1 13. Ba3 Bxf3 14. Bxf3 Bxd4+ 15. Kh1 exd5 16. Bxf8 Kxf8 17. e6 fxe6 18. Qb1 Bf6 19. Qxb7 Nd4 20. Bd1 Qc8 21. Qb2 c5 22. Qd2 Kg8 23. Bg4 Qc6 24. Rb1 c4 25. Qc3 Qc7 26. Qh3 Re8 27. Bh5 g6 28. Bg4 c3 29. Rc1 Qf4 30. Re1 c2 31. g3 c1Q 32. gxf4 Qxe1+ 0-1

[Event "SLO-chT2 East"]
[Site "Slovenia"]
[Date "2013.11.18"]
[Round "7"]
[White "Florjancic, Rudolf"]
[Black "Takacs, Balazs"]
[Result "0-1"]
[WhiteElo "1872"]
[BlackElo "2354"]
[PlyCount "67"]
[EventDate "2013.09.07"]
[EventType "team-tourn"]
[EventRounds "9"]
[EventCountry "SLO"]
[SourceTitle "EXT 2015"]
[Source "ChessBase"]
[SourceDate "2014.11.20"]
[SourceVersion "1"]
[SourceVersionDate "2014.11.20"]
[SourceQuality "1"]

1. e4 c5 2. Nf3 d6 3. d4 cxd4 4. Nxd4 Nf6 5. Nc3 a6 6. Be3 e5 7. Nf3 Qc7 8. h3 Nbd7 9. g4 h6 10. Bg2 b5 11. a3 Bb7 12. Nd2 Rc8 13. 0-0 Be7 14. Rc1 0-0 15. Nd5 Nxd5 16. exd5 Nb6 17. Bxb6 Qxb6 18. c4 Bg5 19. Rc2 Bxd2 20. Qxd2 Rxc4 21. Rfc1 Rfc8 22. b3 Rxc2 23. Rxc2 Rxc2 24. Qxc2 g6 25. b4 Qd8 26. Qd2 Kg7 27. Qe3 Qa8 28. Qd2 Qc8 29. Bf1 Qc7 30. Be2 Qb6 31. Qd3 Qd4 32. Qxd4 exd4 33. f4 g5 34. Kf2 0-1

[Event "Sentjur Ipavec Memorial 13th"]
[Site "Sentjur"]
[Date "2013.09.18"]
[Round "9"]
[White "Novak, Ksenija"]
[Black "Florjancic, Rudolf"]
[Result "1-0"]
[WhiteElo "2110"]
[BlackElo "1872"]
[PlyCount "91"]
[EventDate "2013.09.11"]
[EventType "swiss"]
[EventRounds "9"]
[EventCountry "SLO"]
[SourceTitle "EXT 2015"]
[Source "ChessBase"]
[SourceDate "2014.11.20"]
[SourceVersion "1"]
[SourceVersionDate "2014.11.20"]
[SourceQuality "1"]

1. Nf3 Nf6 2. c4 g6 3. Nc3 Bg7 4. d4 0-0 5. g3 d5 6. cxd5 Nxd5 7. Bg2 Nxc3 8. bxc3 c5 9. 0-0 cxd4 10. Nxd4 Qc7 11. Qb3 Nc6 12. Nxc6 bxc6 13. Bf4 e5 14. Be3 Be6 15. Qa4 Bd5 16. c4 Bxg2 17. Kxg2 c5 18. Rab1 Rab8 19. Rb3 Rxb3 20. axb3 Rb8 21. Rd1 Qb6 22. Rd7 a5 23. Rd5 h5 24. Rxc5 Qxb3 25. Qxb3 Rxb3 26. Rxa5 Rc3 27. Ra8+ Kh7 28. c5 f5 29. Rc8 Bf6 30. c6 g5 31. c7 f4 32. Bd2 Rc2 33. Rf8 Rxc7 34. Rxf6 Rc2 35. Rd6 Kg7 36. Kf3 Rc4 37. gxf4 exf4 38. h3 Ra4 39. Bc3+ Kf7 40. Rd4 Ra3 41. Rc4 Ke6 42. h4 gxh4 43. Kxf4 h3 44. Kg3 Ra2 45. Re4+ Kf5 46. Re3 1-0